| 000 | 01434nam a2200433 i 4500 | ||
|---|---|---|---|
| 001 | 1344 | ||
| 003 | KOSZ 005 | ||
| 005 | 20200124080625.0 | ||
| 008 | 000918s1979 pl a f f |000 0 pol | ||
| 015 | _aPB 1979/5951 | ||
| 035 | _a(OCoLC)830304429 | ||
| 040 |
_aWA N _cWA N _dKOSZ 005/HR |
||
| 041 | 0 | _apol | |
| 046 | _k1974 | ||
| 080 | _a621.791/.795 | ||
| 080 | _a(075.8) | ||
| 245 | 0 | 0 |
_aTechnologia maszyn : _bspawalnictwo / _cpod red. Władysława Kaczmara ; [aut. Zenon Babiak et al.] ; Politechnika Wrocławska. |
| 250 | _aWyd. 2 zm. i uzup. | ||
| 260 |
_aWrocław : _bWydawnictwa PW, _c1979. |
||
| 300 |
_a300 s. : _bil., tab., wykr. ; _c24 cm. |
||
| 336 |
_2rdacontetn _aTekst _btxt |
||
| 337 |
_2rdamedia _aBez urządzenia pośredniczącego _bn |
||
| 338 |
_2rdacarrier _aWolumin _bnc |
||
| 380 | _aKsiążki | ||
| 380 | _aPublikacje dydaktyczne | ||
| 385 |
_mPoziom nauczania _aSzkoły wyższe |
||
| 388 | _a1901-2000 | ||
| 388 | _a1945-1989 | ||
| 490 | 1 | _aSkrypty / PW. | |
| 504 | _aBibliogr. przy rozdz. | ||
| 658 | _aInżynieria i technika | ||
| 655 | 4 | _aPodręczniki akademickie | |
| 650 | 4 | _aSpawalnictwo | |
| 700 | 1 |
_aKaczmar, Władysław. _eRedakcja |
|
| 700 | 1 |
_aBabiak, Zenon. _eAutor |
|
| 856 |
_uhttp://koha.tu.koszalin.pl/cgi-bin/koha/opac-detail.pl?biblionumber=1344 _yKatalog online BPK |
||
| 830 | 0 | _aSkrypty - Politechnika Wrocławska | |
| 942 |
_2UKD _cKS |
||
| 999 |
_c1344 _d1344 |
||